000 00263nam a2200109Ia 4500
008 200302s9999 xx 000 0 und d
100 _aFranca Santi Gualteri
245 _aAbitare Annual 6
260 _bEditrice Abitare Segesta
260 _c1991
300 _a293 P.,
999 _c1456
_d1456